000 00541nam a22001577a 4500
005 20250129211250.0
008 250129b |||||||| |||| 00| 0 eng d
020 _a9780071413275
050 _aRC55
_b.C767
245 _a2005 Current Consult Medicine/
_ba LANGE medical book
_cedited by Maxine A. Papadakis, Stephen J. McPhee
260 _aNew York
_bLange Medical Books/ McGraw-Hill Medical Publishing Division
_c2005
300 _axxix. 1375p.
_c27.5cm
700 _aPapadakis, Maxine A.
700 _aMcPhee, Stephen J.
942 _2lcc
_cBK
_n0
999 _c3246
_d3246